Programm der sozial-demo-kratischen arbeiter-patei Schwedens (Record no. 6098)

MARC details
000 -BAŞLIK
Sabit Uzunlukta Kontrol Alanı 00924na a2200253 4500
001 - KONTROL NUMARASI
Denetim Alanı 19150
003 - KONTROL NUMARASI IDENTIFIER
Denetim Alanı MIRAKIL
005 - SON İŞLEM TARİHİ VE ZAMANI
Denetim Alanı 20181213155056.0
008 - SABİT-BOY VERİ ELEMANLARI - GENEL BİLGİLER
Sabit Uzunlukta Kontrol Alanı 161209b tu 000 0
020 ## - ULUSLARARASI STANDART KİTAP NUMARASI
Uluslararası Standart Kitap Numarası 9153200748
040 ## - KATALOGLAMA KAYNAK
Orijinal Kataloglama Ajansı Milas
Kataloglama Dili tur
Metne Dönüştürmek Ajansı TR-AnCHP
041 ## - DİL KODU
Metin / Ses Parça Veya Ayrı Başlığın Dil Kodu ger
082 ## - DEWEY ONLU SINIFLANDIRMA NUMARASI
Sınıflandırma Numarası 324.2372485
Ürün Numarası P66 1976
090 ## - SINIFLAMA NUMARASI
Sınıflama Numarası 324.2372485 P66 1976
245 ## - BAŞLIK TABLOSU
Başlık Programm der sozial-demo-kratischen arbeiter-patei Schwedens
Sorumluluk Tablosu, Vb Sozialdemokratische Arbeiterpartei Schwedens; übersetzung Dieter Stöpfgeshoff
260 ## - YAYIN, DAĞITIM, VB
Yayın, Dağıtım, Vb Yeri Borås
Yayıncı, Dağıtıcı, Vs Adı Sjuhaeradsbygdens Tryckeri
Yayın, Dağıtım, Vb Tarihi 1976
300 ## - FİZİKSEL TANIM
Kapsam 57 s.
Boyutlar 20 sm.
500 ## - GENEL NOT
Genel Not Angenommen auf dem parteikongress1975
610 ## - KONU KATMA GİRİŞ - TOPLANTI ADI
Giriş Elemanı Olarak Kurumsal Ad Veya Yargı Alanı Adı İsveç Sosyal Demokrat Partisi
Genel Alt Bölüm Parti programları
650 ## - KONU KATMA GİRİŞ - TOPİKAL DÖNEM
Topikal Süreli Veya Coğrafi Ad Giriş Elemanı Parti türleri
Genel Alt Bölümü Sosyal demokrat partiler
Coğrafi Alt Bölümü İsveç
700 ## - KATMA GİRİŞ - KİŞİSEL İSİM
Kişisel Ad Stöpfgeshoff, Dieter
710 ## - KATMA GİRİŞ - KURUMSAL ADI
Giriş Elemanı Olarak Kurumsal Ad Veya Yargı Alanı Adı Sozialdemokratische Arbeiterpartei Schwedens; übersetzung Dieter Stöpfgeshoff
942 ## - EKLENDİ GİRİŞ ELEMANLARI (KOHA)
Sınıflandırma Veya Raf Düzeni Kaynak Dewey Decimal Classification
Koha Öğesi Türü Books
999 ## - SİSTEM KONTROL NUMARALARI (KOHA)
Koha Biblionumber 6098
Koha Biblioitemnumber 6098
Holdings
Kalıcı Konum Mevcut Konum Edinme Tarihi Edinim Kaynak Toplam Check-Out'Lar Tam Çağrı Numarası Barkod Tarih Son Görülme İtibaren Geçerli Fiyatlar Koha Öğesi Türü
CHP Kütüphanesi CHP Kütüphanesi 12/09/2016 Bağış   324.2372485 P66 1976 008971 12/09/2016 12/09/2016 Books